书目信息 |
| 题名: |
钢结构释疑
|
|
| 作者: | 赵立淮 编著 | |
| 分册: | ||
| 出版信息: | 江苏徐州 中国矿业大学出版社 1996.11 |
|
| 页数: | 247页 | |
| 开本: | 20cm | |
| 丛书名: | ||
| 单 册: | ||
| 中图分类: | TU391-44 | |
| 科图分类: | ||
| 主题词: | 金属结构 | |
| 电子资源: | ||
| ISBN: | 7-81040-554-3 | |
| 000 | 00519nam0 2200181 45 | |
| 001 | 0334761235 | |
| 005 | 2003032509392020 | |
| 010 | @a7-81040-554-3@d14.00CNY | |
| 100 | @a20030325d1996 km y0chiy0120 ea | |
| 101 | 0 | @achi |
| 200 | 1 | @a钢结构释疑@Agang jie gou shi yi@f赵立淮编著@FZhao Li Huai Bian Zhu |
| 210 | @a江苏徐州@c中国矿业大学出版社@d1996.11 | |
| 215 | @a247页@d20cm | |
| 606 | 0 | @a金属结构 |
| 690 | @aTU391-44@v3 | |
| 701 | 0 | @a赵立淮@AZhao Li Huai@4编著 |
| 801 | 0 | @aCN@bPFT@c20030325 |
| 905 | @a@dTU391-44@eZ312 | |
| 钢结构释疑/赵立淮编著.-江苏徐州:中国矿业大学出版社,1996.11 |
| 247页;20cm |
| ISBN 7-81040-554-3:14.00CNY |
| ● |
| 相关链接 |
|
|
|
正题名:钢结构释疑
索取号:TU391-44/Z312
 
预约/预借
| 序号 | 登录号 | 条形码 | 馆藏地/架位号 | 状态 | 备注 |
| 1 | 371093 | 203710939 | 建筑库101/101建筑库 90排2列4层/ [索取号:TU391-44/Z312] | 在馆 | |
| 2 | 371094 | 203710948 | 建筑库101/101建筑库 90排2列4层/ [索取号:TU391-44/Z312] | 在馆 |